State and Government in Islam / (Record no. 178131)

000 -LEADER
fixed length control field 00696 a2200181 4500
003 - CONTROL NUMBER IDENTIFIER
control field Nust
005 - DATE AND TIME OF LATEST TRANSACTION
control field 20230301110141.0
020 ## - INTERNATIONAL STANDARD BOOK NUMBER
International Standard Book Number 9789839154092
040 ## - CATALOGING SOURCE
Transcribing agency Nust
082 ## - DEWEY DECIMAL CLASSIFICATION NUMBER
Classification number 297.954,ASA
100 ## - MAIN ENTRY--PERSONAL NAME
Personal name Asad, Muhammad
9 (RLIN) 1343
245 ## - TITLE STATEMENT
Title State and Government in Islam /
Statement of responsibility, etc. Muhammad Asad
260 ## - PUBLICATION, DISTRIBUTION, ETC.
Place of publication, distribution, etc. Kuala lumpur
Name of publisher, distributor, etc. Islamic book trust
300 ## - PHYSICAL DESCRIPTION
Extent 111
505 ## - FORMATTED CONTENTS NOTE
Formatted contents note The Issue before us (Page-1), Terminology and Historical Precedent (Page-18), Government by Consent and Council (Page-30), Relationship between Executive and Legislature (Page-51), The Citizens and the Government (Page-69), Conclusion (Page-95).
650 ## - SUBJECT ADDED ENTRY--TOPICAL TERM
Topical term or geographic name entry element State and government in islamabad
9 (RLIN) 109675
942 ## - ADDED ENTRY ELEMENTS (KOHA)
Source of classification or shelving scheme
Koha item type Book
Holdings
Withdrawn status Lost status Source of classification or shelving scheme Damaged status Not for loan Permanent Location Current Location Shelving location Date acquired Full call number Barcode Date last seen Price effective from Koha item type Public note
          Military College of Signals (MCS) Military College of Signals (MCS) General Stacks 12/12/2016 297.954,ASA MCS33542 12/08/2016 12/12/2016 Book Almirah No.73, Shelf No.3
© 2023 Central Library, National University of Sciences and Technology. All Rights Reserved.